[Event "GER-chT Lands U20"]
[Site "Hannover"]
[Date "2023.10.03"]
[Round "4"]
[White "Wartenberg, Alissa"]
[Black "Sheng, Ming"]
[Result "1/2-1/2"]
[WhiteElo "1825"]
[BlackElo "1705"]
[PlyCount "86"]
[EventDate "2023.10.01"]
[EventType "team-swiss"]
[EventRounds "7"]
[EventCountry "GER"]
[SourceTitle "EXT 2024"]
[Source "ChessBase"]
[SourceDate "2023.10.10"]
[SourceVersion "1"]
[SourceVersionDate "2023.10.10"]
[SourceQuality "1"]

1. e4 c5 2. Nf3 Nc6 3. d4 cxd4 4. Nxd4 g6 5. Be3 Nf6 6. Nc3 Bg7 7. Be2 0-0 8. Qd2 d5 9. exd5 Nxd5 10. Nxd5 Nxd4 11. Bxd4 Qxd5 12. Bxg7 Qxd2+ 13. Kxd2 Rd8+ 14. Kc3 Kxg7 15. Bf3 Rd7 16. b3 Rc7+ 17. Kb2 Bf5 18. c4 Rac8 19. Rhe1 a6 20. Be4 Bxe4 21. Rxe4 Rd7 22. Kc3 b5 23. Rd4 Rdc7 24. Re1 e6 25. Re5 Kf6 26. f4 Ke7 27. Rde4 Rc6 28. f5 gxf5 29. Rxf5 bxc4 30. bxc4 Rxc4+ 31. Rxc4 Rxc4+ 32. Kxc4 exf5 33. Kc5 Ke6 34. a4 f4 35. a5 Ke5 36. Kb6 Kd6 37. Kb7 Kc5 38. Kxa6 Kc6 39. Ka7 Kc7 40. h3 h6 41. h4 h5 42. Ka6 Kc6 43. Ka7 Kc7 1/2-1/2

[Event "GER-chT Lands U20"]
[Site "Hannover"]
[Date "2023.10.02"]
[Round "3"]
[White "Sheng, Ming"]
[Black "Dodul, Alice"]
[Result "1-0"]
[WhiteElo "1705"]
[BlackElo "1414"]
[PlyCount "99"]
[EventDate "2023.10.01"]
[EventType "team-swiss"]
[EventRounds "7"]
[EventCountry "GER"]
[SourceTitle "EXT 2024"]
[Source "ChessBase"]
[SourceDate "2023.10.10"]
[SourceVersion "1"]
[SourceVersionDate "2023.10.10"]
[SourceQuality "1"]

1. e4 e5 2. Nf3 Nc6 3. Bc4 Bc5 4. c3 Nf6 5. d3 d6 6. 0-0 a5 7. a4 0-0 8. Re1 Bg4 9. h3 Bh5 10. Nbd2 Bb6 11. Nf1 Bg6 12. Ng3 Nh5 13. Nf1 Kh8 14. Be3 Ba7 15. Bb3 Qe8 16. d4 exd4 17. Nxd4 Bxd4 18. Bxd4 Ne5 19. Be3 Qe7 20. f4 Nc6 21. f5 Qxe4 22. Bc2 Qe7 23. fxg6 fxg6 24. Qd2 Ne5 25. b3 Rf7 26. Rad1 Raf8 27. Bd4 Nf4 28. Bxe5 dxe5 29. Qe3 Qh4 30. Be4 b6 31. Nh2 g5 32. Kh1 Nh5 33. Nf3 Qf4 34. Qxf4 gxf4 35. Bd5 Rf6 36. Nxe5 h6 37. Nd7 Ng3+ 38. Kh2 R6f7 39. Bxf7 Rxf7 40. Ne5 Rf6 41. Ng4 Rc6 42. c4 Rc5 43. Re8+ Kh7 44. Ne5 h5 45. Rdd8 Kh6 46. h4 g5 47. Re6+ Kg7 48. Rd7+ Kf8 49. Ng6+ Kg8 50. Re8# 1-0